Los países bajos y la cultura europea en el siglo XVII

Sábháilte in:
Sonraí bibleagrafaíochta
Príomhchruthaitheoir: Wilson, Charles (Údar)
Formáid: LEABHAR
Teanga:Spáinnis
Foilsithe / Cruthaithe: Madrid Guadarrama 1968
Eagrán:1a. ed
Sraith:Biblioteca Para el Hombre Actual
Ábhair:
Clibeanna: Cuir clib leis
Níl clibeanna ann, Bí ar an gcéad duine le clib a chur leis an taifead seo!

MARC

LEADER 00000cam a2200000 a 4500
001 UCO2183
003 CL-VaPUC
008 000602e19680000SP |||||||||||||||||spa|d
082 0 4 |a 949.204  |b WIL  |2 21 
100 0 |a Wilson, Charles  |e author  |9 445111 
245 1 4 |a Los países bajos y la cultura europea en el siglo XVII 
250 |a 1a. ed 
300 |a 256 p 
942 |c BK 
945 |d 20000602 00:00:00  |a rherrera 
260 |a Madrid  |b Guadarrama  |c 1968 
650 7 |a HISTORIA DE HOLANDA SIGLO 17  |2 CL-VaPUC  |9 445112 
650 7 |a GUERRAS HOLANDESAS  |2 CL-VaPUC  |9 445113 
650 0 |a República  |9 310048 
650 7 |a DECADENCIA  |2 CL-VaPUC  |9 400479 
650 7 |a CULTURA EUROPEA  |2 CL-VaPUC  |9 436206 
651 0 |a Holanda  |9 267234 
651 0 |a Europa  |9 255156 
583 |a last modification  |c 20160817 01:06:58  |k Rodrigo Vera 
490 0 |a Biblioteca Para el Hombre Actual 
999 |c 288722  |d 288720 
952 |0 0  |1 0  |4 0  |6 949_204000000000000_WIL_1968  |7 0  |8 A  |9 336621  |a BIBHIS  |b BIBHIS  |d 2019-11-20  |i 1283227  |o 949.204 WIL 1968  |p 1283227  |r 2025-01-20  |w 2019-11-20  |y BK  |k HIS 
952 |0 0  |1 0  |4 0  |6 949_204000000000000_WIL_1968  |7 0  |8 A  |9 336622  |a BIBHIS  |b BIBHIS  |d 2019-11-20  |i 1283235  |o 949.204 WIL 1968  |p 1283235  |r 2025-01-20  |w 2019-11-20  |y BK  |k HIS 
952 |0 0  |1 0  |3 erb  |4 0  |6 949_204000000000000_WIL_1968  |7 0  |8 A  |9 336623  |a FDOHBE  |b FDOHBE  |e Huesbe Llanos, Marco Antonio, 1934-  |i 5308453  |o 949.204 WIL 1968  |p 5308453  |r 2024-01-30  |w 2019-11-20  |y BK  |z Catalogado en:20160701  |k HBE